| 000 | 00416nam a22001937a 4500 | ||
|---|---|---|---|
| 003 | UA-OsUOA | ||
| 001 | 3297 | ||
| 007 | ta | ||
| 008 | 20050721b un ||||| |||| 00| 0 ukr d | ||
| 100 | _aAlptekin | ||
| 700 | _aP. | ||
| 700 | _aNolasco | ||
| 700 | _aR. | ||
| 942 | _cBK | ||
| 040 |
_aUA-OsUOA _cUA-OsUOA _dUA-OsUOA |
||
| 245 |
_aWindow On the World. Gr&PrB.1 _bEnglish Practice |
||
| 955 | _a2 | ||
| 650 | 7 | _2UDC | |
| 999 |
_c289459 _d289459 |
||